| 000 | 00778nac a22002537a 4500 | ||
|---|---|---|---|
| 001 | BR9210088 | ||
| 003 | BR-BrBNA | ||
| 005 | 20240105121259.0 | ||
| 008 | 230509b bl.|||m| |||| 00| 0 por d | ||
| 040 |
_aBR-BrBNA _bpor _cBiblioteca Nacional de Agricultura |
||
| 072 | _aF30 | ||
| 090 | _a1060 BR9210088 | ||
| 100 | 1 | _aPassos, O.S. | |
| 110 | 1 | _aCentro Nacional de Pesquisa de Mandioca e Fruticultura Tropical, Cruz das Almas, BA (Brasil) | |
| 245 | 1 | _aClones de laranja "pera" EMBRAPA | |
| 260 | 3 |
_aCruz das Almas, BA (Brasil): _c1991. |
|
| 300 | _a2 p. | ||
| 490 |
_aCitros em Foco (Brazil) _vno. 36 _x |
||
| 650 | _aLaranja Pera | ||
| 650 | _aClone | ||
| 650 | _aVariedade Resistente | ||
| 909 |
_a202312 _bLúcia Elande _c55 _dLúcia Elande |
||
| 942 |
_2AGRIS _n0 _cMS |
||
| 999 |
_c284382 _d284382 |
||